Normal view
MARC view
- Michel De Boer
Entry Personal Name
001 - CONTROL NUMBER
- control field: 87032
003 - CONTROL NUMBER IDENTIFIER
- control field: OSt
005 - DATE AND TIME OF LATEST TRANSACTION
- control field: 20251211132148.0
008 - FIXED-LENGTH DATA ELEMENTS
- fixed length control field: 251211|| aca||aabn | a|a d
040 ## - CATALOGING SOURCE
- Original cataloging agency: OSt
- Transcribing agency: OSt
100 ## - HEADING--PERSONAL NAME
- Personal name: Michel De Boer
670 ## - SOURCE DATA FOUND
- Source citation: Work cat.: (OSt)49975: Stories Jesus told:, 2004.